00546cam a22002171 4500001001300000003000400013005001700017008004100034010001700075035002000092040001800112042001200130050002300142100004000165245003900205260001800244300001900262500001800281500001200299999001700311sa 66003350 DLC20260227112235.0890925s1964 ii 000 0 malo  asa 66003350  a(OCoLC)20390333 aDLCcWaUdDLC apremarc00aPL4718.9.B215bA652 aBalakrishna Pillai, Kottarakkara G.10aĀ svarggaṃ enikku vēṇṭa. a[n.p.,c1964] a128 p.c19 cm. aIn Malayalam. aA play. c68831d68831